Most expensive football transfers - Goalkeepers - 2022-2023 Season - Statistics

General Stats
  • This quiz has been taken 22 times
  • The average score is 6 of 10
Answer Stats
Fee (M €) Nationality Left Joined Player % Correct
9,30 France Paris SG West Ham Alphonse Areola
90%
11,50 England Burnley Newcastle Nick Pope
90%
9,00 Switzerland Bor. M'gladbach Bayern Munich Yann Sommer
90%
8,00 Argentina Villarreal Ajax Gerónimo Rulli
75%
12,00 Spain AS Roma Marseille Pau López
70%
14,00 Ireland Manchester City U21 Southampton Gavin Bazunu
60%
9,09 United States Chicago Chelsea Gabriel Slonina
45%
9,00 Switzerland Montepllier Bor. M'gladbach Jonas Omlin
40%
10,50 Portugal Granada CF Lazio Luís Maximiano
25%
8,50 Italy Cagliari Calcio FC Empoli Guglielmo Vicario
20%
No matching quizzes found
Score Distribution
Percent of People with Each Score
Percentile by Number Answered
Your Score History
You have not taken this quiz